Moments rightly placed : (Record no. 908)

MARC details
000 -LEADER
fixed length control field 00832fam a2200277 a 4500
005 - DATE AND TIME OF LATEST TRANSACTION
control field 20260322212039.0
008 - FIXED-LENGTH DATA ELEMENTS--GENERAL INFORMATION
fixed length control field data
010 ## - LIBRARY OF CONGRESS CONTROL NUMBER
LC control number 97078444
020 ## - INTERNATIONAL STANDARD BOOK NUMBER
International Standard Book Number 0945397496
020 ## - INTERNATIONAL STANDARD BOOK NUMBER
International Standard Book Number 9780945397496
040 ## - CATALOGING SOURCE
Original cataloging agency WaS
Transcribing agency WaS
Modifying agency DLC
042 ## - AUTHENTICATION CODE
Authentication code lccopycat
043 ## - GEOGRAPHIC AREA CODE
Geographic area code n-us-ak
050 00 - LIBRARY OF CONGRESS CALL NUMBER
Classification number F914.U53
Item number H83 1998
092 ## - LOCALLY ASSIGNED DEWEY CALL NUMBER (OCLC)
Classification number 979.84 H83 1998
001 - CONTROL NUMBER
control field data
100 1# - MAIN ENTRY--PERSONAL NAME
Personal name Hudson, Ray,
Dates associated with a name 1943-
245 10 - TITLE STATEMENT
Title Moments rightly placed :
Remainder of title an Aleutian memoir /
Statement of responsibility, etc. Ray Hudson.
260 ## - PUBLICATION, DISTRIBUTION, ETC.
Place of publication, distribution, etc. Fairbanks :
Name of publisher, distributor, etc. Epicenter Press,
Date of publication, distribution, etc. c1998.
300 ## - PHYSICAL DESCRIPTION
Extent 223 p. :
Other physical details ill. ;
Dimensions 22 cm.
500 ## - GENERAL NOTE
General note Includes bibliographical references (p. 221-223).
600 10 - SUBJECT ADDED ENTRY--PERSONAL NAME
Personal name Hudson, Ray,
Dates associated with a name 1943-
650 #0 - SUBJECT ADDED ENTRY--TOPICAL TERM
Topical term or geographic name entry element Aleuts
General subdivision Social life and customs.
650 #0 - SUBJECT ADDED ENTRY--TOPICAL TERM
Topical term or geographic name entry element Eskimo baskets
Geographic subdivision Aleutian Islands.
-- Aleutian Islands.
651 #0 - SUBJECT ADDED ENTRY--GEOGRAPHIC NAME
Geographic name Unalaska (Alaska)
General subdivision Description and travel.
Holdings
Withdrawn status Lost status Damaged status Not for loan Home library Current library Shelving location Date acquired Total checkouts Full call number Barcode Date last seen Price effective from Koha item type
        Centerville Centerville General stacks 22/03/2026   F914.U53 H83 1998 BC0010936 22/03/2026 22/03/2026 Books